Gordis Epidemiology (Record no. 2263)

000 -LEADER
fixed length control field 00649nam a22002297a 4500
003 - CONTROL NUMBER IDENTIFIER
control field OSt
005 - DATE AND TIME OF LATEST TRANSACTION
control field 20241223104933.0
008 - FIXED-LENGTH DATA ELEMENTS--GENERAL INFORMATION
fixed length control field 201117s2019 ||||| |||| 00| 0 eng d
020 ## - INTERNATIONAL STANDARD BOOK NUMBER
International Standard Book Number 97888131270462
040 ## - CATALOGING SOURCE
Original cataloging agency ENG
Transcribing agency eng
041 ## - LANGUAGE CODE
Language code of text/sound track or separate title ENG
080 ## - UNIVERSAL DECIMAL CLASSIFICATION NUMBER
Universal Decimal Classification number 616-036.2
Item number C-38
100 ## - MAIN ENTRY--PERSONAL NAME
9 (RLIN) 56
Personal name Celentano, D. David
245 ## - TITLE STATEMENT
Title Gordis Epidemiology
Statement of responsibility, etc. / by David D.Celentano, ScD, MHS; Moyses Szklo, MD,MPH,DrPH
250 ## - EDITION STATEMENT
Edition statement 7th Edition
260 ## - PUBLICATION, DISTRIBUTION, ETC.
Place of publication, distribution, etc. Philadelphia :
Name of publisher, distributor, etc. ELSEVIER,
Date of publication, distribution, etc. 2025.
300 ## - PHYSICAL DESCRIPTION
Extent 432p.
Other physical details ill.
650 #0 - SUBJECT ADDED ENTRY--TOPICAL TERM
9 (RLIN) 57
Topical term or geographic name entry element EPIDEMIOLOGY
653 ## - INDEX TERM--UNCONTROLLED
Uncontrolled term ეპიდემიოლოგია
700 ## - ADDED ENTRY--PERSONAL NAME
9 (RLIN) 58
Personal name Szklo, Moyses
942 ## - ADDED ENTRY ELEMENTS (KOHA)
Source of classification or shelving scheme
Koha item type Books
Holdings
Withdrawn status Lost status Source of classification or shelving scheme Damaged status Not for loan Permanent location Current location Date acquired Inventory number Total Checkouts Full call number Barcode Date last seen Price effective from Koha item type
          Ken Walker International University Ken Walker International University 12/23/2024 2603   616-036.2 c-38 2603 12/23/2024 12/23/2024 Books

Powered by Koha